| 000 | 00969cam a2200277 i 4500 | ||
|---|---|---|---|
| 999 |
_c200444988 _d63200 |
||
| 001 | 200444988 | ||
| 003 | TR-AnTOB | ||
| 005 | 20230221173441.0 | ||
| 007 | ta | ||
| 008 | 050429s1995 tu a 000 0 tur d | ||
| 040 |
_aTR-AnTOB _beng _erda _cTR-AnTOB _dTR-AnTOB |
||
| 041 | 0 |
_atur _ager |
|
| 044 | _ctu | ||
| 050 | 1 | 4 |
_aHC282.5.A2 _bY55 1995 |
| 090 |
_aTOBBK HC282.5.A2 _b.Y55 1995 |
||
| 245 | 0 | 0 |
_aJahresbericht = _bYıllık rapor 1994 / _cDeutsch - Türkische Industrie - und Handelskammer zu Istanbul Alman - Türk Ticaret ve Sanayi Odası. |
| 264 | 1 |
_aTürkiye : _bDeutsch-Turkische Industrie-und Handelskamner, _c1994. |
|
| 300 |
_a118 pages : _billustrations, tables ; _c24 cm |
||
| 336 |
_atext _btxt _2rdacontent |
||
| 337 |
_aunmediated _bn _2rdamedia |
||
| 338 |
_avolume _bnc _2rdacarrier |
||
| 610 | 2 | 0 |
_aTürkisch-Deutsche Industrie- und Handelskammer _9126504 |
| 942 |
_2z _cBK |
||